La Legislación conexa y supletoria del Código de Trabajo /

Sin resumen

Guardado en:
Bibliografiske detaljer
Hovedforfatter: Espinoza Esquivel, Juan Rafael
Format: Texto
Fag:
Tags: Tilføj Tag
Ingen Tags, Vær først til at tagge denne postø!

MARC

LEADER 00000 a a2200000 04500
001 14
003
040
100 |a Espinoza Esquivel, Juan Rafael  
245 |a La Legislación conexa y supletoria del Código de Trabajo /  |c Juan Rafael Espinoza Esquivel 
520 |a Sin resumen  
650 |a CODIGO DEL TRABAJO  
650 |a DERECHO PUBLICO  
650 |a ORGANIZACIONES DE TRABAJADORES  
773 |g número 13 -14; páginas 131-145  
999 |c 22724  |d 22724 
773 0 |0 18806  |9 2087  |a Universidad Nacional de Costa Rica  |d Heredia: C.R.: EUNA  |o 02253  |t ABRA  |x 14093928